| 000 | 00878nam a22002777i 4500 | ||
|---|---|---|---|
| 003 | URS | ||
| 005 | 20220117094954.0 | ||
| 008 | 170818b xxu||||| |||| 00| 0 eng d | ||
| 040 |
_erda _cURSR _beng |
||
| 041 | _aeng | ||
| 042 | _aDMLUC | ||
| 050 |
_aPN 4500 _bR1472 1980 |
||
| 245 | 1 | 0 |
_aReading and writing the essay including the biography and related forms, with 41 selected essays Filipino, American and British / _cMaximo D. Ramos ... [and others] |
| 250 | _aThird Edition Revised and Enlarge | ||
| 264 | 1 |
_aQuezon City : _bAlemar-Phoenix Pub., _c1972. |
|
| 300 |
_a213 pages ; 25 cm. _c25.2 cm, |
||
| 336 |
_atext _btxt _2rdacontent |
||
| 337 |
_aunmediated _bn _2rdamedia |
||
| 338 |
_avolume _bnc _2rdacarrier |
||
| 650 | _aEssay. | ||
| 700 |
_aRamos, Maximo, _d1910- |
||
| 700 | _aValeros, Florentino B. | ||
| 905 | _aFI | ||
| 942 |
_2lcc _cF |
||
| 999 |
_c12005 _d12005 |
||